000 01076nam a2200289Ia 4500
001 11214
003 GE_BSU
008 181216s||||||||xx |||||||||||||| ||und||
020 _a9785756706710
040 _cGE_BSU
080 _a327.1(075.8)
100 _aА.В.Ревякин; Н.Ю.васильева.
245 _aИстория Международных Отношений; Т.I. От Вестфальского Мира до окончания первой мировой войны.
245 _bУчебник;
245 _cПод.ред:А.В.Торкунова; М.М.Наринского.
250 _a2-е изд;испр.
260 _aМосква.
260 _bАспект Пресс.
260 _c2014.
300 _a400стр;24см.
541 _h63 Л.
653 _aИстория Международных Отношений;
653 _aОт Вестфальского Мира до окончания первой мировой войны.
653 _aПолитика
653 _aპოლიტიკა
942 _cBK
999 _c44445
_d44445